The name game /
Guardado en:
| Autor principal: | |
|---|---|
| Formato: | Desconocido |
| Lenguaje: | English |
| Publicado: |
Chapel Hill :
University of North Carolina Press,
1988.
|
| Materias: | |
| Etiquetas: |
Agregar Etiqueta
Sin Etiquetas, Sea el primero en etiquetar este registro!
|
MARC
| LEADER | 000000000a22000000004500 | ||
|---|---|---|---|
| 001 | 014269 | ||
| 020 | |a 080789236X | ||
| 041 | 0 | |a eng | |
| 082 | 0 | 4 | |a 863.19 |b M778n |
| 100 | 1 | |a Montero, Oscar, |d 1947- | |
| 245 | 1 | 4 | |a The name game / |c Oscar Montero. |
| 260 | 1 | |a Chapel Hill : |b University of North Carolina Press, |c 1988. | |
| 300 | |a 149 páginas ; |c 24 cm. | ||
| 650 | 4 | |a SEMIOTICA | |
| 650 | 4 | |a LITERATURA | |
| 500 | |a Colección George Yúdice | ||
| 999 | |c 20163 |d 20163 | ||
| 942 | |c BK |h 863.19 M778n |2 z | ||



